00600nam a2200169Ia 4500008004100000020001800041050002200059100003300081245009500114250001100209260002900220300002700249500002100276942001200297952010400309999001700413121028s9999 xx 000 0 und d a968-39-0846-2 aQA154.3 V35 1993. aValiente Barderas, Santiago. aEl Hombre y las Matemáticas 2. c/ Santiago Valiente Barderas; Santiago Rubio Ramírez. a1ra ed aMéxicob: Patriac1993 a286.b: tablasc; 27cm a1. Matemáticas 2lcccLB 00102lcc4070a01b01d2011-07-14l0oQA154.3 V35 1993.p16 000517r2023-07-12t1w2012-10-28yLB c86232d86232